00570nam a2200169 a 450000100100000000500170001000800410002704000250006808200160009310000410010924500480015030000200019850000420021804900090026095201140026999900170038300001381720200929163347.0091130s1960 dr 001 0 spa d aDO-SdBNPbspacBNPHU axxxxbM967p1 aMuñoz Marte, Emilio Antonio92946210aProsario / :bEmilio Antonio Muñoz Marte. a50 p. ;c23 cm. aIncluye notas al pie de las páginas aBNPD 0010718PDaPDbPDcCTd2009-11-30iLF1l0oxxxx M967pp13817-10r2020-06-25w2020-06-25yLFPDZNo se presta c13429d13429